Progress in Pattern Recognition Image Analysis, Computer Vision, and Applications : 19th Iberoamerican Congress, CIARP 2014, Puerto Vallarta, Mexico, November 2-5, 2014 : Proceedings /
Selección de ponencias del décimo noveno Congreso Iberoamericano sobre Reconocimiento de Patrones, celebrado en Puerto Vallarta, México, en noviembre de 2014. Los artículos están organizados en secciones temáticas sobre codificación, procesamiento y análisis de imágenes; segmentación, análisis de fo...
Guardado en:
| Autor corporativo: | |
|---|---|
| Otros autores: | , |
| Formato: | Procedimiento de la conferencia Libro |
| Idioma: | Inglés |
| Publicado: |
Cham, Suiza :
Springer,
2014, c2014
|
| Colección: | (Lecture Notes in Computer Science ;
8827) |
| Temas: | |
| Acceso en línea: | Ver documento en línea |
| Etiquetas: |
Sin etiquetas, Sé el primero en etiquetar este registro!
|
MARC
| LEADER | 00000nam^a2200000^a^4500 | ||
|---|---|---|---|
| 001 | 000566943 | ||
| 005 | 20251023000000.0 | ||
| 009 | 20260310132117.972 | ||
| 020 | |a 978-3-319-12568-8 | ||
| 037 | |a Acervo ITESO - Biblioteca | ||
| 041 | |a ING | ||
| 082 | |a Libro en línea | ||
| 111 | |a Iberoamerican Congress on Pattern Recognition ( |n 19° : |d 2014 : |c Puerto Vallarta, México) | ||
| 245 | 1 | 0 | |a Progress in Pattern Recognition Image Analysis, Computer Vision, and Applications : |b 19th Iberoamerican Congress, CIARP 2014, Puerto Vallarta, Mexico, November 2-5, 2014 : Proceedings / |c Ed. de E. Bayro-Corrochano, E. Hancock. |
| 264 | 4 | |a Cham, Suiza : |b Springer, |c 2014, c2014 | |
| 264 | 2 | |a Cham, Suiza : |b Springer Link [distribución], |c 2014 | |
| 300 | |a 1 libro electrónico en línea (XXII, 1050 p.) | ||
| 300 | |a 1 recurso en línea | ||
| 336 | |a datos para computadora |b cod |2 rdacontenido | ||
| 337 | |a computadora |b c |2 rdamedio | ||
| 338 | |a recurso en línea |b cr |2 rdasoporte | ||
| 440 | 1 | |a (Lecture Notes in Computer Science ; |v 8827) | |
| 506 | 0 | |a Licencias ilimitadas | |
| 520 | |a Selección de ponencias del décimo noveno Congreso Iberoamericano sobre Reconocimiento de Patrones, celebrado en Puerto Vallarta, México, en noviembre de 2014. Los artículos están organizados en secciones temáticas sobre codificación, procesamiento y análisis de imágenes; segmentación, análisis de forma y textura; análisis de señal, habla y lenguaje; procesamiento y reconocimiento de documentos; extracción, agrupación y clasificación de características; reconocimiento de patrones y aprendizaje automático; Redes neuronales para reconocimiento de patrones; visión por computadora y visión de robots; segmentación y seguimiento de video. | ||
| 649 | |a XX | ||
| 650 | |a Minería de Datos | ||
| 650 | |a Reconocimiento de Voz | ||
| 650 | |a Procesamiento de Imágenes | ||
| 650 | |a Reconocimiento de Imagen | ||
| 650 | |a Agentes Inteligentes (Software) | ||
| 650 | |a Aprendizaje Automático (Inteligencia Artificial) | ||
| 650 | |a Redes Neurales | ||
| 650 | |a Reconocimiento de Patrones - |x Congresos - |x Tema Principal | ||
| 650 | |a Inteligencia Artificial | ||
| 650 | |a Autómatas Matemáticos - |x Teoría | ||
| 650 | |a Ingeniería Computacional | ||
| 700 | |a Bayro-Corrochano, Eduardo |e (edición) | ||
| 700 | |a Hancock, Edwin |e (edición) | ||
| 856 | 4 | 0 | |u https://link-springer-com.ezproxy.iteso.mx/10.1007/978-3-319-12568-8 |y Ver documento en línea |
| 910 | |a Fondo General | ||
| 920 | |a Electrónicos - Libros en Línea | ||
| 930 | |a Plataforma Digital | ||
| 905 | |a 205 | ||
| 901 | |a 566943-1 |b IT2 |c EBO |i C172346 |u 20250521 | ||
| 902 | |a https://opac.biblio.iteso.mx/vufind/Record/000566943 | ||